书目信息 |
| 题名: |
旅游活动对风景林影响量化分析及空间对策方法研究
|
|
| 作者: | 李明阳 | |
| 分册: | ||
| 出版信息: | 北京 中国林业出版社 2016.01 |
|
| 页数: | 148页 | |
| 开本: | 20cm | |
| 丛书名: | ||
| 单 册: | ||
| 中图分类: | S727.5 | |
| 科图分类: | ||
| 主题词: | 造林 , 造林--技术 | |
| 电子资源: | ||
| ISBN: | 7-5038-8329-4 | |
| 000 | 00719nam0 2200217 450 | |
| 001 | 2995 | |
| 005 | 20161207152247.87 | |
| 010 | @a7-5038-8329-4@dCNY51.00 | |
| 100 | @a20150811d2016 km y0chiy0120 ea | |
| 101 | 0 | @achi |
| 102 | @aCN@b110000 | |
| 200 | 1 | @a旅游活动对风景林影响量化分析及空间对策方法研究@Alu you huo dong dui feng jing lin ying xiang liang hua fen xi ji kong jian dui ce fang fa yan jiu@f李明阳@Fli ming yang |
| 210 | @a北京@c中国林业出版社@d2016.01 | |
| 215 | @a148页@d20cm | |
| 330 | @a旅游业·影响·风景林·研究 | |
| 606 | 0 | @a造林 |
| 606 | 0 | @a造林@x技术 |
| 690 | @aS727.5@v4 | |
| 701 | 0 | @a李明阳@Ali ming yang |
| 801 | 0 | @aCN@b大连网信软件有限公司图书馆·11@c20161207 |
| 905 | @aZUCC@dS727.5@e93 | |
| 旅游活动对风景林影响量化分析及空间对策方法研究/李明阳.-北京:中国林业出版社,2016.01 |
| 148页;20cm |
| ISBN 7-5038-8329-4:CNY51.00 |
| 旅游业·影响·风景林·研究 |
| ● |
| 相关链接 |
|
|
|
|
正题名:旅游活动对风景林影响量化分析及空间对策方法研究
索取号:S727.5/93
 
预约/预借
| 序号 | 登录号 | 条形码 | 馆藏地/架位号 | 状态 | 备注 |
| 1 | 912403 | 209124035 | 第二样本阅览室/ [索取号:S727.5/93] | 在馆 | |
| 2 | 912404 | 209124044 | 第三借阅区/ [索取号:S727.5/93] | 在馆 | |
| 3 | 912405 | 209124053 | 第三借阅区/ [索取号:S727.5/93] | 在馆 | |
| 4 | 912406 | 209124062 | 第三借阅区/ [索取号:S727.5/93] | 在馆 |